Statistics for Name That anime character!

Click here to take the quiz!

General Stats

  • This quiz has been taken 139 times
  • The average score is 9 of 15

Answer Stats

QuestionAnswer% Correct
Wants to become Hokage somedayNaruto Uzumaki
97%
After his mother is killed by a titan he hates and wants revenge on all titans, he becomes what he hates the most and fights other titans.Eren Yeager
88%
Who is partially turned into a "monster" from almost being eaten by a woman he went out with one night?Ken Kaneki
84%
Pervy clown with a desire to fight the captain of the Phantom Troup. Gets arousal from others' power.Hisoka Morow
77%
Pink haired Psychic with a lot of weird friends.Saiki Kusuo
77%
A blonde-haired teen is on a mission to get his brother's body back. Who is he?Edward Elric
76%
Horned pink-haired hybrid, member of the APE special forces.Zero Two
69%
New girl at Hyakkaou Private Academy and she is on a mission to beat the student council president in a gambling match. She beats almost everyone in her path.Yumeko Jabami
63%
A Part-time maid, who is also the student council president. Usui finds out her secret and continuously flirts with her.Misaki Ayuzawa
61%
She's been in love with a vampire from the other school and finds out she is actually a pureblood like him. Who is she?Yuuki Cross
54%
A black-haired sorceress, she wears a purple revealing coat with fur at the top. Daughter of Belialuin.Merlin sin of gluttony
50%
Strong and Beautiful celestial wizardLucy Heartfilia
42%
Her father was murdered and all he left behind was a Kamui, she wears it to find his killer and ends up in huge conflicts with the student council president.Ryuko Matoi
36%
Meets a magical blue-haired friend and captures dungeons with him, while exploring the world and fighting the dark rukh.Alibaba Saluja
31%
She will punish you with the power of love, blue eyes blonde hair.Minako Aino/ Sailor Venus
29%

Score Distribution

Percentile by Number Answered

Percent of People with Each Score

Your Score History

You have not taken this quiz